Statistics for Click the Movie Title Ending #2

Click here to take the quiz!

General Stats

  • This quiz has been taken 183 times
  • The average score is 10 of 15

Answer Stats

HintAnswer% Correct
UncleBuck
89%
SisterAct
87%
RainMan
85%
JackieBrown
83%
QuizShow
83%
CoolRunnings
80%
AnnieHall
74%
ChristmasVacation
71%
AsteroidCity
66%
DuckSoup
62%
RomanHoliday
61%
DeadAgain
55%
HoopDreams
54%
ForgetParis
53%
FletchLives
35%

Score Distribution

Percentile by Number Answered

Percent of People with Each Score

Your Score History

You have not taken this quiz